Statistiken für Alle Minderheiten Ungarns

Klicken Sie hier um das Quiz zu spielen!

Allgemein

  • Dieses Quiz wurde 25 mal gespielt
  • Das Durchschnittsergebnis liegt bei 13 aus 16

Antwortstatistiken

BevölkerungLand% Korrekt
16,537Deutschland
95%
21,017Rumänien
95%
3,142Österreich
90%
5,088Russland
90%
24,197Ukraine
90%
2,593Frankreich
86%
5,342Serbien
86%
9,563Slowakei
86%
2,785Türkei
86%
18,851China
81%
3,635Italien
81%
2,834Niederlande
71%
3,105Vereinigtes Königreich
71%
3,387USA
67%
2,139Syrien
62%
4,669Vietnam
57%

Verteilung der Resultate

Perzentil nach korrekt beantworteten Fragen

Anzahl Personen mit jedem Resultat

Ihre Resultats-Entwicklung

Sie haben dieses Quiz noch nicht gespielt